[Event "ESP-ch U18"]
[Site "Salobrena"]
[Date "2023.08.04"]
[Round "8"]
[White "Conde Riveiro, Xacobe"]
[Black "Leone Amigot, Haymar"]
[Result "0-1"]
[WhiteElo "1872"]
[BlackElo "2000"]
[PlyCount "88"]
[EventDate "2023.07.31"]
[EventType "swiss"]
[EventRounds "9"]
[EventCountry "ESP"]
[SourceTitle "CBM 215 Extra"]
[Source "ChessBase"]
[SourceDate "2023.09.30"]
[SourceVersion "1"]
[SourceVersionDate "2023.09.30"]
[SourceQuality "1"]

1. e4 c5 2. d4 cxd4 3. c3 dxc3 4. Nxc3 Nc6 5. Nf3 e6 6. Bc4 a6 7. 0-0 Nge7 8. Qe2 Ng6 9. Bb3 Bc5 10. Rd1 0-0 11. Bg5 Qc7 12. Rac1 h6 13. Be3 d6 14. Bc2 Rd8 15. h4 Qe7 16. h5 Nge5 17. Nxe5 Nxe5 18. Bxc5 dxc5 19. f4 Nc6 20. e5 Rxd1+ 21. Rxd1 Nd4 22. Rxd4 cxd4 23. Qd3 Qc5 24. Ne4 Qb5 25. Qxd4 Bd7 26. Nd6 Qd5 27. Qe3 Bc6 28. Be4 Qd1+ 29. Kh2 Qxh5+ 30. Kg1 Qd1+ 31. Kh2 Bxe4 32. Qxe4 Qd5 33. Qa4 Rd8 34. Qc2 Qc6 35. Qd1 Rd7 36. g3 Rc7 37. Qd4 Qf3 38. Qd2 Qd5 39. Qf2 Qc5 40. Qf3 Qc2+ 41. Kh3 Qxb2 42. Ne4 Rc2 43. Kg4 Rh2 44. Qd3 Qe2+ 0-1

[Event "ESP-ch U18"]
[Site "Salobrena"]
[Date "2021.07.28"]
[Round "4"]
[White "Olivan Lopez, Dario"]
[Black "Conde Riveiro, Xacobe"]
[Result "0-1"]
[WhiteElo "1948"]
[BlackElo "1705"]
[PlyCount "72"]
[EventDate "2021.07.26"]
[EventType "swiss"]
[EventRounds "9"]
[EventCountry "ESP"]
[SourceTitle "CBM 203 Extra"]
[Source "ChessBase"]
[SourceDate "2021.09.30"]
[SourceVersion "1"]
[SourceVersionDate "2021.09.30"]
[SourceQuality "1"]

1. e4 e5 2. Nf3 Nc6 3. Bb5 g6 4. 0-0 Bg7 5. c3 a6 6. Ba4 b5 7. Bb3 Nge7 8. d4 exd4 9. cxd4 d6 10. a4 bxa4 11. Bxa4 0-0 12. Bg5 f6 13. Be3 Rb8 14. Nbd2 h6 15. Qc2 Nb4 16. Qc4+ Kh7 17. Rfc1 c6 18. e5 dxe5 19. dxe5 Nd3 20. Qh4 Nf5 21. Qe4 Nxc1 22. Rxc1 Nxe3 23. Qxe3 fxe5 24. Ne4 Bf5 25. g3 Rb4 26. Bc2 Bxe4 27. Bxe4 Qb6 28. Qd3 Rxb2 29. Bxg6+ Kh8 30. Rf1 Rb3 31. Qe2 Rbxf3 32. Be4 R3f7 33. Bd3 Qd4 34. Bb1 e4 35. Kg2 e3 36. Qc2 Rxf2+ 0-1

[Event "ESP-ch U16"]
[Site "Salobrena"]
[Date "2020.08.10"]
[Round "2"]
[White "Ruiz Buendia, Miguel"]
[Black "Conde Riveiro, Xacobe"]
[Result "1/2-1/2"]
[WhiteElo "2044"]
[BlackElo "1816"]
[PlyCount "107"]
[EventDate "2020.08.10"]
[EventType "swiss"]
[EventRounds "9"]
[EventCountry "ESP"]
[SourceTitle "EXT 2021"]
[Source "ChessBase"]
[SourceDate "2020.10.23"]
[SourceVersion "1"]
[SourceVersionDate "2020.10.23"]
[SourceQuality "1"]

1. e4 e5 2. Nf3 Nc6 3. Bb5 g6 4. d4 exd4 5. Bg5 f6 6. Bf4 Nge7 7. 0-0 Bg7 8. Nxd4 0-0 9. Nc3 Nxd4 10. Qxd4 Nc6 11. Bxc6 bxc6 12. Rad1 Kh8 13. Qc4 Rb8 14. b3 Re8 15. Rfe1 Bb7 16. Na4 d6 17. Nc5 Qc8 18. Nxb7 Qxb7 19. Qd3 Re7 20. c4 c5 21. Bg3 Rbe8 22. f3 a5 23. Qc2 Qc6 24. Kf1 Kg8 25. Rd5 a4 26. f4 axb3 27. axb3 Qb6 28. Rd2 Rb8 29. Rd3 Rbe8 30. Rde3 Qa5 31. Qd3 Qa8 32. h3 Qc6 33. R1e2 Qb7 34. Bh2 Qc6 35. g4 Qb7 36. Kf2 Qc6 37. Qb1 Qb7 38. Qe1 Qa6 39. Qh1 Qb7 40. Qf3 Qc6 41. h4 Qb7 42. Bg3 Qc6 43. h5 Qb7 44. Kg2 Qc6 45. Bh4 Rf7 46. Rd2 g5 47. Bg3 h6 48. Rd5 Qa8 49. Rf5 Rfe7 50. Rd5 Qa2+ 51. Kh3 Qb1 52. Rdd3 Qa1 53. Rd1 Qa8 54. Rd5 1/2-1/2

[Event "Pontevedra op-B 6th"]
[Site "Pontevedra"]
[Date "2018.08.10"]
[Round "4"]
[White "Rocha Gonzalez, Oliver"]
[Black "Conde Riveiro, Xacobe"]
[Result "0-1"]
[WhiteElo "1190"]
[BlackElo "1594"]
[PlyCount "92"]
[EventDate "2018.08.08"]
[EventType "swiss"]
[EventRounds "9"]
[EventCountry "ESP"]
[SourceTitle "CBM 186 Extra"]
[Source "ChessBase"]
[SourceDate "2018.08.24"]
[SourceVersion "1"]
[SourceVersionDate "2018.08.24"]
[SourceQuality "1"]

1. d4 d5 2. c4 e6 3. Nc3 Nf6 4. e3 Bd7 5. Nf3 Nc6 6. a3 a6 7. Bd3 dxc4 8. Bxc4 Bd6 9. 0-0 Qe7 10. Qd3 h5 11. e4 e5 12. dxe5 Nxe5 13. Nxe5 Bxe5 14. Nd5 Nxd5 15. Qxd5 Bc6 16. Qd3 Bd6 17. Re1 0-0-0 18. Qc3 Rdg8 19. Bxa6 Be5 20. Qc2 Bd7 21. Bc4 g5 22. Qb3 g4 23. Bxf7 Rf8 24. Bc4 Qh4 25. g3 Qf6 26. Rf1 h4 27. Bd3 Bc6 28. Qc2 hxg3 29. fxg3 Bd4+ 30. Be3 Bxe3+ 31. Kg2 Qh6 32. Rxf8+ Qxf8 33. Qe2 Qh6 34. Qxg4+ Bd7 35. Qh4 Bh3+ 36. Kf3 Qf8+ 37. Kxe3 Rxh4 38. gxh4 Qc5+ 39. Kd2 Qf2+ 40. Kc3 Qxh4 41. Rc1 Qf6+ 42. Kb3 Be6+ 43. Bc4 Qf3+ 44. Rc3 Qxe4 45. Bxe6+ Qxe6+ 46. Rc4 b5 0-1

[Event "Gallego-ch U14"]
[Site "Viveiro"]
[Date "2017.02.28"]
[Round "7"]
[White "Reza Salgado, Marcos"]
[Black "Conde Riveiro, Xacobe"]
[Result "1/2-1/2"]
[WhiteElo "1311"]
[BlackElo "1369"]
[PlyCount "81"]
[EventDate "2017.02.25"]
[EventType "swiss"]
[EventRounds "8"]
[EventCountry "ESP"]
[SourceTitle "EXT 2024"]
[Source "ChessBase"]
[SourceDate "2023.10.10"]
[SourceVersion "1"]
[SourceVersionDate "2023.10.10"]
[SourceQuality "1"]

1. d4 d5 2. c4 c6 3. Nc3 Nf6 4. Bf4 e6 5. Nf3 Bd6 6. Bg3 Bxg3 7. hxg3 Nbd7 8. e3 b6 9. Bd3 Qe7 10. cxd5 exd5 11. Qc2 h6 12. Rc1 c5 13. Nb5 0-0 14. b3 a6 15. Nc3 Bb7 16. 0-0 Ne4 17. Bxe4 dxe4 18. Nd2 f5 19. Ne2 Rac8 20. dxc5 Nxc5 21. Qc4+ Kh7 22. Qb4 Qf6 23. Nf4 a5 24. Qc3 Qe7 25. Nc4 Qf6 26. Qxf6 Rxf6 27. Rfd1 g5 28. Nd5 Bxd5 29. Rxd5 Nd3 30. Rd1 Rc5 31. Rxc5 bxc5 32. Rd2 a4 33. Nb2 axb3 34. axb3 Nxb2 35. Rxb2 Rb6 36. Rc2 Rxb3 37. Rxc5 Kg6 38. Rc2 Kh5 39. Kh2 Kg4 40. Re2 h5 41. Re1 1/2-1/2